Click the Disco Song Title Endings - Statistics

General Stats
  • This quiz has been taken 49 times
  • The average score is 14 of 20
Answer Stats
Hint Answer % Correct
Stayin' Alive
100%
I Will Survive
97%
I'm So Excited
82%
Macho Man
82%
Boogie Oogie Oogie
82%
We Are Family
79%
Never Can Say Goodbye
79%
The Love I Lost
79%
Heart of Glass
76%
I Feel Love
74%
Funky Town
71%
Hot Stuff
68%
Night Fever
66%
Bad Luck
66%
Good Times
66%
Disco Inferno
63%
Love Train
63%
This Time Baby
61%
Do You Wanna Funk
55%
Double Ditch Bus
39%
No matching quizzes found
Score Distribution
Percent of People with Each Score
Percentile by Number Answered
Your Score History
You have not taken this quiz